Statistics for J.J. Abrams Filmography

Click here to take the quiz!

General Stats

  • This quiz has been taken 23 times
    (3 since last reset)
  • The average score is 53 of 133

Answer Stats

TypeYearName% Correct
Film Story2006Mission: Impossible III
100%
Film Screenplay2006Mission: Impossible III
100%
Film Director2006Mission: Impossible III
100%
Film Director2009Star Trek
100%
Film Production2009Star Trek
100%
Film Cameo2009Star Trek
100%
Film Screenplay2015Star Wars: The Force Awakens
100%
Film Director2015Star Wars: The Force Awakens
100%
Film Story2015Star Wars: The Force Awakens
100%
Film Cameo2015Star Wars: The Force Awakens
100%
Film Production2015Star Wars: The Force Awakens
100%
Film Production2019Star Wars: The Rise of Skywalker
100%
Film Cameo2019Star Wars: The Rise of Skywalker
100%
Film Story2019Star Wars: The Rise of Skywalker
100%
Film Director2019Star Wars: The Rise of Skywalker
100%
Film Screenplay2019Star Wars: The Rise of Skywalker
100%
Film Production2008Cloverfield
67%
Film Production1992Forever Young
67%
Film Story1992Forever Young
67%
Film Screenplay1992Forever Young
67%
TV Show Director2004Lost
67%
Theme Music Composer2004-2010Lost
67%
TV Show Production2004-2010Lost
67%
TV Show Writer2004, 2006Lost
67%
Film Cameo1991Regarding Henry
67%
Film Screenplay1991Regarding Henry
67%
Film Story1991Regarding Henry
67%
Film Production1991Regarding Henry
67%
Film Production2016Star Trek Beyond
67%
Film Production2013Star Trek Into Darkness
67%
Film Director2013Star Trek Into Darkness
67%
Film Production2017Star Wars: The Last Jedi
67%
Film Production2011Super 8
67%
Film Story2011Super 8
67%
Film Screenplay2011Super 8
67%
Film Director2011Super 8
67%
Film Production201610 Cloverfield Lane
33%
TV Mini-Series Production201611.22.63
33%
Theme Music Composer201611.22.63
33%
TV Show Production2012Alcatraz
33%
Theme Music Composer2012Alcatraz
33%
TV Show Production2001-2006Alias
33%
Theme Music Composer2001-2006Alias
33%
TV Show Director2001, 2002, 2003Alias
33%
TV Show Writer2001-2005Alias
33%
TV Show Production2013-2014Almost Human
33%
Theme Music Composer2013-2014Almost Human
33%
Film Screenplay1998Armageddon
33%
TV Show Production2014Believe
33%
TV Show Production2018-2019Castle Rock
33%
Film Cameo1996Diabolique
33%
Web Series DirectorTBADuster
33%
Web Series WriterTBADuster
33%
Web Series ProductionTBADuster
33%
TV Show Acting Role2012Family Guy
33%
TV Show Production1998-2002Felicity
33%
TV Show Writer1998-2001Felicity
33%
Theme Music Composer1998-2002Felicity
33%
TV Show Director1999Felicity
33%
Theme Music Composer2008-2013Fringe
33%
TV Show Production2008-2013Fringe
33%
TV Show Writer2008-2009Fringe
33%
Film Story1997Gone Fishin'
33%
Film Screenplay1997Gone Fishin'
33%
Film Production2014Infinitely Polar Bear
33%
TV Show Director2006Jimmy Kimmel Live!
33%
Film Production2001Joy Ride
33%
Film Story2001Joy Ride
33%
Film Screenplay2001Joy Ride
33%
Web Mini-Series Production2021Lisey's Story
33%
Web Series Production2020Little Voice
33%
Film Production2022Lou
33%
Documentary Appearance2019Love, Antosha
33%
TV Show Production2020Lovecraft Country
33%
Film Production2018Mission: Impossible - Fallout
33%
Film Production2011Mission: Impossible - Ghost Protocol
33%
Film Production2015Mission: Impossible - Rogue Nation
33%
Film Production2010Morning Glory
33%
Film Composer1982Nightbeast
33%
TV Show Acting Role2017Nightcap
33%
Film Production2018Overlord
33%
Theme Music Composer2011-2016Person of Interest
33%
TV Show Production2011-2016Person of Interest
33%
Theme Music Composer2012-2014Revolution
33%
TV Show Production2012-2014Revolution
33%
TV Show Production2016Roadies
33%
TV Show Production2006-2007Six Degrees
33%
Film Cameo1993Six Degrees of Separation
33%
Film Screenplay1990Taking Care of Business
33%
Film Story1990Taking Care of Business
33%
Short Film Production2022The Boy, the Mole, the Fox and the Horse
33%
Film Production2018The Cloverfield Paradox
33%
Film Cameo2017The Disaster Artist
33%
TV Show Director2007The Office
33%
Film Production1996The Pallbearer
33%
Stage Production2017The Play That Goes Wrong
33%
TV Show Cameo2021The Simpsons
33%
Film Production1999The Suburbans
33%
Film Cameo1999The Suburbans
33%
TV Film Cameo2017Tour de Pharmacy
33%
Documentary Mini-Series Production2021UFO
33%
TV Show Writer2010Undercovers
33%
Theme Music Composer2010Undercovers
33%
TV Show Director2010Undercovers
33%
TV Show Production2010Undercovers
33%
TV Show Production2016-2022Westworld
33%
TV Show Production2006-2007What About Brian?
33%
TV Film Director2009Anatomy of Hope
0%
TV Film Production2009Anatomy of Hope
0%
Film Production2023Aporia
0%
Film ProductionTBAA Woman of No Importance
0%
TV Show Production2023Batman: Caped Crusader
0%
Web Series Cameo2023Bupkis
0%
Film ProductionTBAConstantine 2
0%
Music Video2009Cool Guys Don't Look at Explosions
0%
TV Pilot2015Dead People
0%
TV Show ProductionTBADemimonde
0%
TV Show WriterTBADemimonde
0%
TV Show ProductionTBAFlushed
0%
Film ProductionTBAHalf-Life
0%
Film Production2025Hot Wheels
0%
Web Series ProductionTBAJustice League Dark
0%
Film ProductionTBAKolma
0%
Web Mini-Series ProductionTBAMy Glory Was I Had Such Friends
0%
Film ProductionTBAPortal
0%
Web Series ProductionTBAPresumed Innocent
0%
TV Pilot2012Shelter
0%
Documentary ProductionTBAThe Blue Angels
0%
TV Pilot2005The Catch
0%
Film ProductionTBAThe Pinkerton
0%
Documentary Mini-Series ProductionTBAThe Yankees Win
0%
Film ProductionTBAYour Name
0%
Film ProductionTBAZatanna
0%

Score Distribution

Percentile by Number Answered

Percent of People with Each Score

Your Score History

You have not taken this quiz since the last reset